| 000 | 00811cam a2200253 a 4500 | ||
|---|---|---|---|
| 005 | 20150921113900.0 | ||
| 008 | 010210s1999 ck ab r 00010 spa d | ||
| 015 | _ack-1999-xxx | ||
| 040 |
_ala _cla |
||
| 041 | 0 | _aspa | |
| 043 | _as-ck--- | ||
| 082 | 0 | 4 |
_a597.924 _bH64ch |
| 100 | 1 |
_aHildebrand, Patricio von. _912430 |
|
| 245 | 1 | 0 |
_aCharapas _cPatricio von Hildebrand ; ilustraciones Gloria Quintana. |
| 260 |
_aSanta Fe de Bogota : _bFundacion Puerto Rastrojo, _c1999. |
||
| 300 |
_a24 p. : _bil. , mapas ; _c16 cm. |
||
| 500 | _aTitulo tomado de la caratula. | ||
| 650 | 6 |
_aTortuga Charapa _z Caqueta (Rio, Colombia) _939066 |
|
| 650 | 6 |
_aTortugas. _zInirida _939067 |
|
| 650 | 6 |
_apodocnemis expansa _939068 |
|
| 700 | 1 |
_aQuintana, Gloria, _eil. _939069 |
|
| 942 |
_2ddc _cLIBRO |
||
| 949 |
_ac _bc |
||
| 999 |
_c1470 _d1470 |
||